The aid triangle (Record no. 80335)
[ view plain ]
| 000 -LEADER | |
|---|---|
| fixed length control field | 01625nam a2200361Ia 4500 |
| 100 1# - MAIN ENTRY--AUTHOR NAME | |
| Personal name | MacLachlan, Malcolm. |
| 245 14 - TITLE STATEMENT | |
| Title | The aid triangle |
| 260 ## - PUBLICATION, DISTRIBUTION, ETC. (IMPRINT) | |
| Place of publication | Halifax, N.S. : |
| Name of publisher | Fernwood Pub. ; |
| Place of publication | London ; |
| -- | New York : |
| Name of publisher | Zed Books ; |
| Place of publication | New York : |
| Name of publisher | Distributed in the USA by Palgrave Macmillan, |
| Year of publication | 2010. |
| 300 ## - PHYSICAL DESCRIPTION | |
| Number of Pages | 172 p. : |
| Other physical details | ill. |
| 650 #0 - SUBJECT ADDED ENTRY--TOPICAL TERM | |
| Topical Term | Economic assistance |
| Topical Term | Economic assistance |
| 700 1# - ADDED ENTRY--PERSONAL NAME | |
| Personal name | Carr, Stuart C. |
| Personal name | Mc Auliffe, Eilish. |
| 856 40 - ELECTRONIC LOCATION AND ACCESS | |
| Uniform Resource Identifier | http://site.ebrary.com/lib/rucke/Doc?id=10409305 |
No items available.
